Why Pay Tax? (Record no. 2302)
[ view plain ]
| 005 - DATE AND TIME OF LATEST TRANSACTION | |
|---|---|
| control field | 20250515122610.0 |
| 020 ## - INTERNATIONAL STANDARD BOOK NUMBER | |
| International Standard Book Number | 9987 25 046 7 |
| 082 ## - DEWEY DECIMAL CLASSIFICATION NUMBER | |
| Classification number | LECT 336.2 WHY |
| 245 ## - TITLE STATEMENT | |
| Title | Why Pay Tax? |
| 260 ## - PUBLICATION, DISTRIBUTION, ETC. | |
| Place of publication, distribution, etc. | Dar es Salaam, |
| Name of publisher, distributor, etc. | TEMA Publishers Company Ltd, |
| Date of publication, distribution, etc. | 2009. |
| 300 ## - PHYSICAL DESCRIPTION | |
| Extent | xiv, 338p.: ill.; figure, table. |
| Other physical details | Bibliography. |
| Dimensions | 24cm. |
| 700 ## - ADDED ENTRY--PERSONAL NAME | |
| Other authors/Editors | MALIYAMKONO, T. L., MASON, H., NDUNGURU, A., OSORO, N. E & RYDER, A. |
| 942 ## - ADDED ENTRY ELEMENTS (KOHA) | |
| Source of classification or shelving scheme | Dewey Decimal Classification |
| Koha item type | Books |
| Date last seen | Total checkouts | Full call number | Barcode | Cost, replacement price | Price effective from | Koha item type | Lost status | Source of classification or shelving scheme | Damaged status | Not for loan | Withdrawn status | Home library | Current library | Shelving location | Date acquired | Cost, normal purchase price |
|---|---|---|---|---|---|---|---|---|---|---|---|---|---|---|---|---|
| 05/15/2025 | LECT 336.2 WHY | 0000008832 | 45000.00 | 05/15/2025 | Books | Dewey Decimal Classification | College of Business Education Main Library | College of Business Education Main Library | General Collection | 12/07/2009 | 15000.00 | |||||
| 05/15/2025 | LECT 336.2 WHY | 0000008833 | 45000.00 | 05/15/2025 | Books | Dewey Decimal Classification | College of Business Education Main Library | College of Business Education Main Library | General Collection | 12/07/2009 | 15000.00 | |||||
| 05/15/2025 | LECT 336.2 WHY | 0000008834 | 45000.00 | 05/15/2025 | Books | Dewey Decimal Classification | College of Business Education Main Library | College of Business Education Main Library | General Collection | 12/07/2009 | 15000.00 |
